Dificultades en el aprendizaje de la lectura: nuevas aportaciones a su diagnóstico y tratamiento

Na minha lista:
Detalhes bibliográficos
Autor principal: González Portal, María Dolores (Autor)
Formato: Livro
Idioma:espanhol
Publicado em: Madrid Ministerio de Educación y Ciencia 1985
Edição:2a. ed
coleção:Estudios de Educación
Assuntos:
Tags: Adicionar Tag
Sem tags, seja o primeiro a adicionar uma tag!

MARC

LEADER 00000nam a2200000 a 4500
001 UCZ8124
003 CL-VaPUC
008 960112e19850000SP |||||||||||||||||spa|d
082 0 4 |a 372.41  |b GON  |2 21 
100 |a González Portal, María Dolores  |e author  |9 486812 
245 1 0 |a Dificultades en el aprendizaje de la lectura: nuevas aportaciones a su diagnóstico y tratamiento 
250 |a 2a. ed 
300 |a 122 p 
942 |c BK 
945 |d 19960112 00:00:00  |a lriquelm 
260 |a Madrid  |b Ministerio de Educación y Ciencia  |c 1985 
650 0 |a Lectura  |9 307634 
650 0 |a Aprendizaje   |9 254827 
650 0 |a Trastornos del aprendizaje  |9 307969 
650 0 |a Dislexia  |9 307487 
650 0 |a Métodos de enseñanza  |9 270413 
650 0 |a Psicoanálisis   |9 265702 
650 0 |a Investigación educacional   |9 261192 
583 |a last modification  |c 19960112 00:00:00  |k Rodrigo Vera 
490 0 |a Estudios de Educación 
999 |c 244080  |d 244078 
952 |0 0  |1 0  |4 0  |6 372_410000000000000_GON_1985  |7 0  |8 P  |9 258008  |a BIBEDU  |b BIBEDU  |c BIBEDU_PB  |d 2019-11-19  |i 2906864  |o 372.41 GON 1985  |p 2906864  |r 2024-01-25  |w 2019-11-19  |y BK  |k EDU